[Event "Challenge"]
[Site "http://www.queenalice.com/game.php?id=380028"]
[Date "2008.3.31"]
[Round "-"]
[White "gncj"]
[Black "snyps"]
[Result "0-1"]
[WhiteElo "1419"]
[BlackElo "1378"]

1. e4 e5 2. Bc4 Nf6 3. Nf3 d6 4. d4 exd4 5. Nxd4 d5 6. exd5 Nxd5 7. O-O Bc5 8.
Re1+ Ne7 9. Qf3 O-O 10. c3 Bxd4 11. cxd4 Qxd4 12. Nd2 Nbc6 13. Re4 Qd6 14. Rf4
Ne5 15. Qg3 Re8 16. b3 Nxc4 17. Nxc4 Qd1# 0-1

[Event "Challenge"]
[Site "http://www.queenalice.com/game.php?id=385909"]
[Date "2008.4.11"]
[Round "-"]
[White "snyps"]
[Black "gncj"]
[Result "1-0"]
[WhiteElo "1530"]
[BlackElo "1437"]

1. e4 d5 2. exd5 Qxd5 3. Nc3 Qe5+ 4. Be2 Nf6 5. Nf3 Qd6 6. Nb5 Qc5 7. d4 Qb4+ 8.
c3 Qa5 9. Bf4 Nd5 10. Bc4 Nxf4 11. O-O Be6 12. b4 Qb6 13. Bxe6 Nxe6 14. Qa4 c6
15. Na3 Nf4 16. Qd1 a5 17. bxa5 Rxa5 18. Nc4 Qa6 19. Nxa5 Qxa5 20. Qd2 Nd5 21.
Qb2 Qc7 22. c4 Nb6 23. c5 Nc4 24. Qb3 Na5 25. Qa4 e6 26. Rfb1 f6 27. Rb6 g5 28.
Qxa5 g4 29. Nd2 e5 30. dxe5 Qxe5 31. Nb3 Nd7 32. Re1 Qxe1+ 33. Qxe1+ Kd8 34.
Rxb7 Nxc5 35. Qa5+ Ke8 36. Qa8# 1-0

[Event "Sempre a dormir"]
[Site "http://www.queenalice.com/game.php?id=387697"]
[Date "2008.4.14"]
[Round "-"]
[White "gncj"]
[Black "MataMoscas"]
[Result "1-0"]
[WhiteElo "1403"]
[BlackElo "1520"]

1. e4 e5 2. Nf3 d6 3. h3 Nf6 4. Nc3 b6 5. d4 Nc6 6. d5 Nb4 7. a3 Na6 8. Bb5+ Ke7
9. a4 Nb4 10. a5 a6 11. axb6 cxb6 12. Bc6 Nxc6 13. dxc6 b5 14. Nd5+ Nxd5 15.
Qxd5 Be6 16. Qd3 Ke8 17. Bd2 Qc8 18. Qc3 h5 19. O-O-O d5 20. Nxe5 dxe4 21. c7
Bd6 22. Qc6+ Ke7 23. Bg5+ Kf8 24. Qxd6+ Kg8 25. Rhe1 f6 26. Bxf6 gxf6 27. Rxe4
Bf5 28. Re3 fxe5 29. Rxe5 Qf8 30. Re7 Rh7 31. Rde1 Re8 32. Qd5+ Qf7 33. Rxe8+
Kg7 34. Qe5+ Kg6 35. Qg3+ Bg4 36. c8=Q Qd7 37. Rg8+ Kh6 38. Qf4# 1-0

[Event "X-one"]
[Site "http://www.queenalice.com/game.php?id=390024"]
[Date "2008.4.18"]
[Round "-"]
[White "tuninglou"]
[Black "gncj"]
[Result "1-0"]
[WhiteElo "1401"]
[BlackElo "1412"]

1. c3 d5 2. d4 Nc6 3. e3 e5 4. Nf3 Bg4 5. Be2 e4 6. Ne5 Nxe5 7. dxe5 Bxe2 8.
Qxe2 f5 9. O-O Qg5 10. Qb5+ c6 11. Qxb7 Qd8 12. Qxc6+ Kf7 13. Rd1 Ne7 14. Qb7
Kg6 15. f4 a5 16. Bd2 Rb8 17. Qa7 Rxb2 18. Qa6+ Kf7 19. e6+ Kf6 20. Be1 Rb6 21.
Qxa5 Rd6 22. Qxd8 Rxd8 23. Bh4+ Kxe6 24. c4 h6 25. Nc3 g5 26. fxg5 hxg5 27. Bxg5
Rd7 28. c5 Bh6 29. Bxe7 Bxe3+ 30. Kh1 Rxe7 31. Nxd5 Bxc5 32. Nxe7 Bxe7 33. Rd2
Bf6 34. Rad1 e3 35. Re2 f4 36. a4 Bc3 37. Rc1 Bd2 38. Rc2 Ke5 39. a5 Ke4 40.
Rcxd2 f3 41. gxf3+ Kxf3 42. Ra2 Rd8 43. h3 Rh8 44. Kh2 Ra8 45. a6 Ra7 46. h4 Rh7
47. Kh3 Rg7 48. a7 Rxa7 49. Rxa7 Kxe2 50. Ra3 Kf3 51. Rxe3+ Kxe3 52. Kg4 Ke4 53.
Kg5 Ke5 54. Kg6 Kf4 55. h5 1-0

[Event "Mais um!"]
[Site "http://www.queenalice.com/game.php?id=402044"]
[Date "2008.5.12"]
[Round "-"]
[White "gncj"]
[Black "MataMoscas"]
[Result "0-1"]
[WhiteElo "1437"]
[BlackElo "1511"]

1. e4 e5 2. Bc4 Nf6 3. Nc3 c6 4. g4 b5 5. Bb3 d5 6. g5 Nxe4 7. Nxe4 dxe4 8. f3
Qxg5 9. fxe4 Qg2 10. Qf3 Qg6 11. d3 Bc5 12. Be3 Bxe3 13. Qxe3 Na6 14. Nf3 f6 15.
O-O-O Qh6 16. Qxh6 gxh6 17. Rhg1 Bb7 18. Rg7 O-O-O 19. Be6+ Kb8 20. Rf7 Rdf8 21.
d4 Nc7 22. d5 cxd5 23. exd5 Bc8 24. h4 Bxe6 25. dxe6 Nxe6 26. Rdd7 Nd8 27. Nxe5
fxe5 28. Rfe7 Rhg8 29. Kd2 Re8 30. Rxh7 e4 31. Ke3 Rg3+ 32. Kf4 Rf3+ 33. Kg4
Rg8+ 34. Kh5 e3 35. Rd3 Nf7 36. b3 Rg5+ 37. hxg5 hxg5 38. Kg4 Ne5+ 39. Kxg5 Nxd3
40. cxd3 e2 41. Re7 Rf2 42. Kg4 e1=Q 43. Rxe1 Rxa2 44. Re4 Ra3 45. Rb4 a6 46. d4
Kc7 47. d5 Kd6 48. Kf4 Kxd5 49. Ke3 Kc5 50. Rd4 Rxb3+ 51. Ke4 Rb4 52. Kd3 Rxd4+
53. Kc3 Rc4+ 54. Kb3 a5 55. Ka3 Rc3+ 56. Kb2 Kc4 57. Kb1 Kb3 58. Ka1 Rc1# 0-1

[Event "Challenge"]
[Site "http://www.queenalice.com/game.php?id=406396"]
[Date "2008.5.21"]
[Round "-"]
[White "gncj"]
[Black "snyps"]
[Result "0-1"]
[WhiteElo "1424"]
[BlackElo "1642"]

1. e4 e5 2. Bc4 Nf6 3. Nc3 Bb4 4. a3 Bxc3 5. dxc3 Nxe4 6. Qf3 d5 7. Bb5+ c6 8.
Bd3 Nxc3 9. bxc3 e4 10. Bxe4 dxe4 11. Qxe4+ Be6 12. h4 O-O 13. Bg5 f6 14. Qxe6+
Kh8 15. Nf3 Re8 16. Nd4 Rxe6+ 17. Nxe6 Qe7 18. O-O-O Na6 19. Rhe1 Qxa3+ 20. Kd2
fxg5 21. Nxg5 Qd6+ 22. Kc1 Qf4+ 23. Re3 Qxh4 24. Nf7+ Kg8 25. g3 Qa4 26. Nd6
Qa3+ 27. Kb1 Nc5 28. f4 Na4 29. Nc4 Nxc3+ 30. Rxc3 Qxc3 31. Nd6 Rd8 32. Rd3 Qb4+
33. Kc1 Rxd6 34. Rb3 Qe1+ 35. Kb2 c5 36. Rxb7 Rb6+ 37. Rxb6 axb6 38. g4 b5 39.
f5 c4 40. c3 b4 41. cxb4 Qxb4+ 42. Kc2 c3 43. Kd3 Qb2 44. g5 c2 45. Ke4 c1=Q 46.
Kf3 Qd4 47. Kg2 Qcf4 48. Kh3 Qg1 49. g6 Qfg3# 0-1

[Event "Challenge"]
[Site "http://www.queenalice.com/game.php?id=409718"]
[Date "2008.5.28"]
[Round "-"]
[White "gncj"]
[Black "Hagi"]
[Result "0-1"]
[WhiteElo "1396"]
[BlackElo "1468"]

1. e4 Nc6 2. d4 e5 3. d5 Nd4 4. f4 d6 5. c3 Ne6 6. dxe6 Bxe6 7. b3 Nf6 8. Qd3
Be7 9. Qb5+ Bd7 10. Qxb7 O-O 11. fxe5 dxe5 12. Nf3 Bd6 13. Nbd2 Qe8 14. a4 a5
15. Bb5 c6 16. Bc4 Qe7 17. Ng5 Rfb8 18. Bxf7+ Kf8 19. Ne6+ Kxf7 20. Ng5+ Kg8 0-1

[Event "iáááaáá!!!!"]
[Site "http://www.queenalice.com/game.php?id=412548"]
[Date "2008.6.3"]
[Round "-"]
[White "MataMoscas"]
[Black "gncj"]
[Result "1-0"]
[WhiteElo "1524"]
[BlackElo "1424"]

1. e4 e5 2. Bc4 Nh6 3. d3 g6 4. Qf3 f5 5. Bxh6 Bxh6 6. exf5 Rf8 7. Qh3 Qg5 8.
Ne2 d6 9. Be6 Bxe6 10. fxe6 Nc6 11. Nbc3 Qd2+ 12. Kf1 Qxc2 13. Qxh6 Qxd3 14.
Qxh7 Nd4 15. Qd7# 1-0

[Event "Challenge"]
[Site "http://www.queenalice.com/game.php?id=412587"]
[Date "2008.6.3"]
[Round "-"]
[White "snyps"]
[Black "gncj"]
[Result "1-0"]
[WhiteElo "1610"]
[BlackElo "1428"]

1. e4 e5 2. Nf3 d6 3. Nc3 a6 4. d4 Nf6 5. Bg5 h6 6. Bxf6 gxf6 7. d5 f5 8. exf5
Bxf5 9. Bc4 e4 10. Qd4 f6 11. Nxe4 Qe7 12. Nd2 Rg8 13. O-O b5 14. Rae1 Kf7 15.
Ng5+ Rxg5 16. Rxe7+ Bxe7 17. Be2 c6 18. Nf3 Rg4 19. Ne5+ fxe5 20. Qc3 Re4 21.
dxc6 Rxe2 22. Qf3 Rxc2 23. Qxf5+ Ke8 24. Qxc2 Kf7 25. c7 Nc6 26. Qxc6 Bd8 27.
Qd7+ Kg6 28. cxd8=Q Rxd8 29. Qxd8 h5 30. Qxd6+ Kf5 31. Re1 e4 32. Qd5+ Kf6 33.
Rxe4 Kg6 34. Re6+ Kf7 35. Qd7+ Kf8 36. Re8# 1-0

[Event "Então!"]
[Site "http://www.queenalice.com/game.php?id=413729"]
[Date "2008.6.5"]
[Round "-"]
[White "gncj"]
[Black "MataMoscas"]
[Result "1-0"]
[WhiteElo "1383"]
[BlackElo "1567"]

1. e4 e5 2. Bc4 d6 3. Qf3 Nh6 4. h3 Be6 5. b3 Nc6 6. c3 f6 7. Bxe6 g5 8. g4 Qe7
9. Bd5 Na5 10. b4 c6 11. Bb3 Nxb3 12. axb3 d5 13. exd5 e4 14. Qe3 cxd5 15. Ba3
b5 16. Ne2 Bg7 17. Nd4 a6 18. Nc6 Qc7 19. Qc5 Rc8 20. Qxd5 Qxc6 21. c4 f5 22.
Nc3 Rf8 23. O-O fxg4 24. Qxg5 Qd7 25. Nxe4 Bxa1 26. Qxh6 Bd4 27. Qh5+ Rf7 28.
Nf6+ Kf8 29. Nxd7+ Ke7 30. Re1+ Kxd7 31. Qxf7+ Kc6 32. Re6# 1-0

[Event "Agora é a minha vez!"]
[Site "http://www.queenalice.com/game.php?id=419273"]
[Date "2008.6.17"]
[Round "-"]
[White "gncj"]
[Black "MataMoscas"]
[Result "1-0"]
[WhiteElo "1406"]
[BlackElo "1566"]

1. e4 Nf6 2. e5 Nd5 3. c4 Nb4 4. a3 N4c6 5. f4 d6 6. Nf3 Bg4 7. h3 Bh5 8. g4 Bg6
9. f5 e6 10. fxg6 dxe5 11. gxf7+ Kxf7 12. d3 Nd4 13. Nxe5+ Kf6 14. Nf3 b5 15. a4
c6 16. Bg5+ Kf7 17. Bxd8 Bc5 18. Bg5 h6 19. Be3 Rd8 20. axb5 a5 21. Ne5+ Ke8 22.
Nxc6 Nbxc6 23. bxc6 e5 24. Bg2 Kf8 25. c7 Rdc8 26. Bxa8 Rxa8 27. c8=Q+ Rxc8 28.
Rxa5 Bb4+ 29. Bd2 Bxa5 30. Bxa5 Ra8 31. Rf1+ Kg8 32. Bb6 Ne6 33. Qf3 Rf8 34. Qd5
Re8 35. Qd7 Rb8 36. Qxe6+ Kh8 37. Rf7 Kg8 38. Qg6 Rf8 39. Qxg7# 1-0

[Event "Agora?"]
[Site "http://www.queenalice.com/game.php?id=423711"]
[Date "2008.6.26"]
[Round "-"]
[White "MataMoscas"]
[Black "gncj"]
[Result "1-0"]
[WhiteElo "1544"]
[BlackElo "1419"]

1. e4 Nc6 2. d4 d5 3. e5 h5 4. Nc3 f6 5. Be2 fxe5 6. Bxh5+ Kd7 7. Qg4+ e6 8.
Nxd5 Nf6 9. Nxf6+ Qxf6 10. d5 Nd4 11. Bg5 Nxc2+ 12. Kd1 Qxf2 13. Qxe6# 1-0

[Event "Mais um!"]
[Site "http://www.queenalice.com/game.php?id=425566"]
[Date "2008.6.30"]
[Round "-"]
[White "MataMoscas"]
[Black "gncj"]
[Result "1-0"]
[WhiteElo "1555"]
[BlackElo "1411"]

1. e4 Nc6 2. d3 d5 3. Nc3 h5 4. Nxd5 e6 5. Nf4 g6 6. c3 e5 7. Nfh3 Nf6 8. Ng5
Bc5 9. Qb3 Be6 10. Nxe6 Qd7 11. Nxc5 Qe7 12. Qxb7 O-O 13. Qxc6 Rab8 14. Bg5 Rb6
15. Bxf6 Qxf6 16. Qxf6 Rxf6 17. Nd7 Kg7 18. Nxf6 Kxf6 19. Nf3 c5 20. h4 Kg7 21.
Nxe5 f6 22. Nd7 Rc8 23. d4 cxd4 24. cxd4 Rc4 25. Bxc4 a5 26. e5 f5 27. e6 Kg8
28. Rc1 f4 29. Bd5 a4 30. Rc8+ Kg7 31. e7 g5 32. e8=Q g4 33. Qe5+ Kg6 34. Qg5+
Kh7 35. Nf6# 1-0

[Event "És tu agora..."]
[Site "http://www.queenalice.com/game.php?id=430138"]
[Date "2008.7.9"]
[Round "-"]
[White "MataMoscas"]
[Black "gncj"]
[Result "1-0"]
[WhiteElo "1649"]
[BlackElo "1418"]

1. e4 Nc6 2. d3 Nd4 3. Na3 d5 4. Be3 dxe4 5. dxe4 e5 6. Nf3 Bg4 7. Be2 Bc5 8. c3
Nxf3+ 9. gxf3 Be6 10. Bxc5 b6 11. Bb4 c5 12. Qxd8+ Rxd8 13. Bb5+ Bd7 14. O-O-O
cxb4 15. cxb4 Nf6 16. Nc4 O-O 17. a4 a6 18. Bxa6 Bxa4 19. Rxd8 Rxd8 20. Nxb6 Rd6
21. Nxa4 Rxa6 22. Rd1 Kf8 23. Nc5 Rc6 24. Kb1 Ke8 25. Rc1 h5 26. b5 Rb6 27. Na6
Rxb5 28. Nc7+ Kd7 29. Nxb5 g5 30. Rc7+ Kd8 31. Rxf7 Nd7 32. Rf5 g4 33. Rxh5 gxf3
34. h4 Nf6 35. Rh8+ Kd7 36. Nc3 Ng4 37. Rh7+ Ke6 38. Nd1 Kd6 39. h5 Kc5 40. Rh8
Kd4 41. h6 Kxe4 42. b4 Kd3 43. h7 Kd2 44. Rg8 Kxd1 45. Rxg4 Ke2 46. h8=Q Kxf2
47. Qxe5 Kf1 48. Qh2 f2 49. Qh1+ Ke2 50. Re4+ Kd3 51. Qf3+ Kd2 52. Qxf2+ Kd3 53.
Qe3# 1-0

[Event "Challenge"]
[Site "http://www.queenalice.com/game.php?id=434887"]
[Date "2008.7.17"]
[Round "-"]
[White "gncj"]
[Black "kiel"]
[Result "0-1"]
[WhiteElo "1404"]
[BlackElo "1323"]

1. e4 e5 2. Bc4 d6 3. Qf3 Nh6 4. d3 Bg4 5. Bxf7+ Nxf7 6. Qxg4 Nc6 7. h4 Nd4 8.
Na3 d5 9. Nf3 Bxa3 10. Nxd4 exd4 11. bxa3 O-O 12. e5 Nxe5 13. Qe6+ Nf7 14. h5
Re8 15. O-O Rxe6 16. Bb2 Rh6 17. g4 Qg5 18. Bc1 Qxg4+ 19. Kh1 Rxh5# 0-1